000 01395cam a2200361 a 4500
001 16550581
003 OSt
005 20230606102227.0
008 101123s2010 lu i000 0 eng c
020 _a9789282425770
035 _a(OCoLC)ocn665863817
040 _aGUB
_cGUB
_dOSU
_dDLC
042 _apcc
043 _ae------
050 0 0 _aKJE4442.3
_b.E8734 2010
082 _a341.242
110 2 _aEuropean Union.
245 1 0 _aConsolidated versions of the treaty on European Union and of the treaty on the functioning of the European Union :
_bcharter of fundamental rights of the European Union /
_c[European Union].
246 1 4 _aEuropean Union: consolidated treaties, charter of fundamental rights
260 _aLuxemburg :
_bOffice for Official publications of the European Communities,
_cc2010.
300 _a403 p. ;
_c25 cm.
500 _a"March 2010"--Cover.
610 2 0 _aEuropean Union.
650 0 _aLaw
_zEuropean Union countries.
650 0 _aEuropean federation.
730 0 2 _aTreaty on European Union
_d(1992 February 7)
730 0 2 _aTreaty Establishing the European Economic Community
_d(1957 March 25)
730 0 2 _aCharter of Fundamental Rights of the European Union
_d(2000 December 7)
906 _a7
_bcbc
_cpccadap
_d2
_encip
_f20
_gy-gencatlg
936 _aPR 664241247
942 _2ddc
_cBK
999 _c550
_d550